Wind turbine control systems: principles, modelling and gain scheduling design

Salvato in:
Dettagli Bibliografici
Autore principale: Bianchi, Fernando D
Altri autori: De Battista, Hernán, Mantz, Ricardo J.
Natura: Libro
Lingua:inglese
Pubblicazione: Londres Springer 2007
Serie:Advances in Industrial Control
Soggetti:
Tags: Aggiungi Tag
Nessun Tag, puoi essere il primo ad aggiungerne!!

MARC

LEADER 00000cam a2200000 a 4500
001 UCF2057
003 CL-VaPUC
005 20211026074144.0
008 120810e20070000UK |||||||||||||||||eng|d
999 |c 348725  |d 348723 
020 |a 9781846284922 
040 |c Pontificia Universidad Católica de Valparaíso 
082 0 4 |a 621.45 BIA 2007  |2 21 
100 0 |a Bianchi, Fernando D  |9 563653 
245 1 0 |a Wind turbine control systems: principles, modelling and gain scheduling design 
260 |a Londres  |b Springer  |c 2007 
300 |a 205 páginas 
490 0 |a Advances in Industrial Control 
583 |a last modification  |c 20120810 11:35:00  |k Rodrigo Vera 
650 7 |a TURBINAS  |2 CL-VaPUC  |9 263552 
650 0 |a Energía eólica  |9 316611 
650 0 |a Control automático  |9 259890 
650 0 |a Sistemas de control  |9 263596 
700 0 |a De Battista, Hernán  |9 563654 
700 0 |a Mantz, Ricardo J.  |9 563655 
942 |c BK  |2 ddc 
945 |d 20120810 00:00:00  |a cmena 
952 |0 0  |1 0  |2 ddc  |4 0  |6 621_450000000000000_BIA_2007  |7 0  |8 A  |9 450875  |a BIBING  |b BIBING  |d 2019-11-22  |i 4890280  |o 621.45 BIA 2007  |p 4890280  |r 2025-01-20  |t 1  |w 2019-11-22  |y BK  |k EIE